New classical fragments and other Greek and Latin papyri /

محفوظ في:

مؤلفون آخرون: Grenfell, Bernard P. 1869-1926, Hunt, Arthur S. 1871-1934.

التنسيق: كتاب

اللغة: Ancient Greek

منشور في: Oxford : Clarendon Press, 1897.

سلاسل: Greek papyri. ser. 2.

الموضوعات:

الوسوم: إضافة وسم

لا توجد وسوم, كن أول من يضع وسما على هذه التسجيلة!

رقم الطلب: PA3316 .G78

LEADER 01047nam a22002897a 4500
003 OSt
005 20250929100603.0
007 910817s1897 enkaf 00100 grc d
008 250929t1897 enkaf 001 0 grc d
010 |a 02009959 
040 |c ARCE Library 
050 1 4 |a PA3316  |b .G78 
245 0 0 |a New classical fragments and other Greek and Latin papyri /   |c edited by Bernard P. Grenfell and Arthur S. Hunt. 
264 1 |a Oxford :   |b Clarendon Press,   |c 1897. 
300 |a  xi, 217 p., 5 leaves of plates :   |b ill. ;   |c 25 cm. 
490 0 |a Greek papyri.   |v ser. 2. 
500 |a Includes index. 
546 |a Text in Greek or Latin with English explanations. 
650 0 |a Classical literature  |x Manuscripts. 
650 0 |a Manuscripts, Classical (Papyri) 
650 0 |a Manuscripts, Greek (Papyri) 
650 0 |a Manuscripts, Latin (Papyri) 
700 1 |a Grenfell, Bernard P.  |q (Bernard Pyne),  |d 1869-1926,  |9 31094 
700 1 |a Hunt, Arthur S.  |q (Arthur Surridge),  |d 1871-1934. 
901 |a reviewed 
942 |c BK  |2 lcc 
999 |c 22305  |d 22305